| 000 | 00617nam a22001937a 4500 | ||
|---|---|---|---|
| 008 | 170617b xxu||||| |||| 00| 0 eng d | ||
| 020 | _a0-19-825909-3 | ||
| 082 |
_21995 _aDC 342.066 _bB19 |
||
| 100 |
_920983 _aBaldwin, Robert, Dr |
||
| 245 |
_aRules and government / _cRobert Baldwin |
||
| 260 |
_aOxford : _bClarendon Press, _c©1995. |
||
| 300 |
_axv, 331 pages ; _c22 cm |
||
| 440 |
_920984 _aOxford socio-legal studies |
||
| 500 | _aIncludes bibliographical references and index. | ||
| 650 | 0 |
_920985 _aAdministrative procedure |
|
| 650 | 0 |
_920986 _aPolice power |
|
| 365 |
_b4,107 _cPhp |
||
| 942 |
_2ddc _cDC |
||
| 999 |
_c6934 _d6934 |
||